Caribbean Challenge Quiz Stats

 Plays Quiz Updated Nov 23, 2018

Support Sporcle.
Go Orange.
Score 0/24 Timer 04:00
1 Play Today
% Correct
Antigua
94.3%
Dominica
91.9%
Jamaica
91.7%
Cuba
91.3%
Saint Lucia
89.4%
Aruba
88.4%
Puerto Rico
86.3%
Grenada
86.1%
Barbuda
84.6%
Trinidad
82.3%
Saint Vincent
82.1%
British Virgin Islands
81.1%
% Correct
Cayman Islands
79%
Saint Martin
77.6%
Martinique
75.4%
Hispaniola
72.4%
Nevis
72.3%
Saint Thomas
71.5%
Curaçao
68.9%
Anguilla
67.2%
Saint Croix
63.7%
Guadeloupe
61.3%
Montserrat
53.6%
Cozumel
43.5%

You're not logged in!

Compare scores with friends on all Sporcle quizzes.
OR
Log In
Forgot?

From the Vault

'D' Named Bands & Musicians

by prockstar83

Music 6m
Alliterative bands won't get you double points, unfortunately.
Remove Ads.
Support Sporcle.
Get the best of Sporcle when you Go Orange. This ad-free experience offers more features, more stats, and more fun while also helping to support Sporcle. Thank you for becoming a member.

Show Comments

Extras

Top Quizzes Today


Score Distribution

Your Account Isn't Verified!

In order to create a playlist on Sporcle, you need to verify the email address you used during registration. Go to your Sporcle Settings to finish the process.

Report this User

Report this user for behavior that violates our Community Guidelines.

Details: